| 000 | 01086 a2200241 4500 | ||
|---|---|---|---|
| 003 | Nust | ||
| 005 | 20230118114634.0 | ||
| 010 | _a 93198935 | ||
| 020 | _a0750606673 | ||
| 040 | _cNust | ||
| 082 | 0 | 0 | _a658.4,WIL |
| 100 | 1 |
_aWilson, David A., _9106952 |
|
| 245 | 1 | 0 |
_aManaging information : _bfor continual improvement / _cDavid A. Wilson. |
| 260 |
_aOxford ; _aBoston : _bButterworth-Heinemann, _cc1993. |
||
| 300 |
_aix, 149 p. : _bill. ; _c24 cm. |
||
| 440 | 0 |
_aInstitute of Management series _9106953 |
|
| 505 | _aThe difference information can make (Page-1), How Organizations handle information (Page-16), Information and Personnel Effectiveness (Page-38), Computers programs and Communications (Page-79), Mounding the systems to your Need (Page-105), Information around the World and into the future (Page-123). | ||
| 650 | 0 |
_aInformation resources management. _912474 |
|
| 650 | 0 |
_aInformation storage and retrieval systems _xBusiness. _944499 |
|
| 650 | 0 | _aManagement information systems. | |
| 710 | 2 |
_aInstitute of Management (Great Britain) _9106954 |
|
| 942 |
_2ddc _cBK |
||
| 999 |
_c184511 _d184511 |
||